000
00236nam a2200097Ia 4500
008
240331s9999 xx 000 0 und d
082
_b
RAM
100
_a
Ramalingam,V
245
0
_a
yaalppanach samugathil penn kalvi :
_b
or aaivu
942
_c
L
999
_c
5836
_d
5836